000 00653cam a2200217 a 4500
001 000006129
005 20200929151937.0
008 890810s1989 sp a 001 0 spa
020 _a8486662249
040 _aDO-SdBNP
_cDLC
_dDLC
082 _a861.44
_bD988d
100 1 _aDuzmán Callejón, Carmen.
_917251
245 1 0 _aDe sombras y de sueños /
_cCarmen Duzmán.
260 _aMadrid, España :
_bBetania,
_c1989.
300 _a105 p. :
_bil. ;
_c21 cm.
490 1 _aBetania de poesía
650 4 _aPoesìa española
_9631
650 4 _aLiteratura española
_9632
830 0 _aBetania de poesía.
_917252
910 _aCatalogación por copia / LC
999 _c5925
_d5925